000 00529nam a22001937a 4500
008 200212b xxu||||| |||| 00| 0 eng d
020 _a9789994616213
082 _aN004/C429m
100 _aChhetri, Yogesh
245 _aModern computer science:
_bBook 9
250 _a3rd.
260 _aKathmandu:
_bVidyarthi Prakashan,
_c2012.
300 _a290p. ;illus.
650 _aComputer science
_9616
650 _aComputer systems
_9333
650 _aComputer Software
_9613
700 _aKhadka, Prabhu Ram
942 _2ddc
_cISBN
999 _c93352
_d93341